Statistics for A-Z : Top Rated Movies on IMDB

Click here to take the quiz!

General Stats

  • This quiz has been taken 31 times
  • The average score is 8 of 23

Answer Stats

LetterYearMovie% Correct
G1972The Godfather
82%
I2010Inception
71%
F1994Forrest Gump
68%
S1994The Shawshank Redemption
68%
D2008The Dark Knight
57%
J2019Joker
50%
L2003The Lord of the Rings: The Return of the King
46%
P1994Pulp Fiction
43%
V1958Vertigo
43%
B1985Back to the Future
36%
O1975One Flew Over the Cuckoo's Nest
36%
M1999The Matrix
36%
T1991Terminator 2: Judgment Day
29%
U1995The Usual Suspects
29%
R1954Rear Window
25%
W2014Whiplash
25%
N1959North by Northwest
21%
E2004Eternal Sunshine of the Spotless Mind
18%
A1998American History X
11%
C2002City of God
11%
K1921The Kid
11%
Y2016Your Name.
11%
H1962Harakiri
0%

Score Distribution

Percentile by Number Answered

Percent of People with Each Score

Your Score History

You have not taken this quiz